| 000 | 00720nam a2200277Ia 4500 | ||
|---|---|---|---|
| 001 | Z_5123 | ||
| 003 | CHAP | ||
| 008 | 220113s1999 xx 000 0 und d | ||
| 010 | _a168180 | ||
| 040 | _cCHAP | ||
| 082 | _a639.543 M37 | ||
| 100 |
_aMartínez Córdova, Luis Rafael _971937 |
||
| 245 |
_aCultivo de camarones peneidos : principios y prácticas / _cpor Luis Rafael Martínez Córdova |
||
| 260 |
_aMéxico, D. F. : _bAGT, _c1999 |
||
| 300 | _a283 p. | ||
| 503 | _aFOTOCOPIAS | ||
| 650 |
_aAcuicultura I. t. _9138600 |
||
| 650 |
_aCamarón _917762 |
||
| 650 |
_aCamarón _xMéxico _9142448 |
||
| 901 | _a639.543 M37 | ||
| 902 | _aM | ||
| 910 | _a1999 | ||
| 942 | _c1 | ||
| 942 | _cc1 | ||
| 999 |
_c168180 _d168180 |
||